00614 2200229 4500001002100000005001700021008004100038020001800079035002400097040001200121082001100133090001800144100002000162245004600182250001800228260003100246300002500277504003100302650002100333850001200354990001800366YOGYA-0209000000568220090227020830.0 ind  a979-526-085-5 0010-020900000005682 aYOPDYOG a297.64 a297.64bDar I aDARAJAT, Zakiah aIlmu pendidikan IslamcZakiah Darajat dkk aEd. 1, cet. 2 aJakartabBumi Aksarac1992 axvii, 132 hlmc20 cm aBibliografi : hlm. 151-152 aPendidikan Islam aYOPDYOG a49988-P/94b1